000 00530nam a2200217Ia 4500
003 OSt
005 20220923230826.0
006 a|||||r|||| 00| 0
007 ta
008 Pun
024 _a305,907
037 _cTextual
040 _aARTS
_cARTS
_bPun
041 _2Pun
_aPun
082 _aQ2:31:g, 153K3
100 _aਵੀਰ ਸਿੰਘ
245 0 _aਦੇਵੀ ਪੂਜਨ ਪੜਤਾਲ
260 _c1963
942 _hQ2:31:g, 153K3
_cTEXL
_2CC
999 _c387694
_d387694